000 02501nam2a2200313 4500
001 rc\3321019
005 20260508114550.0
021 _aRU
_b[70-61008]
035 _a(NLR Aleph) 007508790
090 _a7689122
_c7689122
100 _a20130115d1970 u y0rusy50 ca
101 0 _arus
102 _aRU
105 _ay acg 000yy
200 0 _a... за 1965-1969 гг. ...
_f... Справочно-библиографический отдел
_gсоставитель: Л. В. Чернова
_gредактор: И. Г. Палилова
210 _d1970
215 _a125, [2] с.
300 _aПодзаг. вып.: Библиографический указатель литературы ... отечественной в количестве 459 названий и иностранной в количестве 210 названий
300 _aНа обороте тит. л.: Составлен 25 декабря 1969 г.
461 0 _1001rc\3321018
_12001#$aИзвесткование сельскохозяйственных земель$eбиблиографический указатель литературы ...$fВсесоюзная академия с.-х. наук имени В. И. Ленина, Центральная научная сельскохозяйственная библиотека$v... за 1965-1969 гг. ...
_97689120
_cМосква
_d1970-1989
_fВсесоюзная академия с.-х. наук имени В. И. Ленина, Центральная научная сельскохозяйственная библиотека
_nЦНСХБ ВАСХНИЛ
_oбиблиографический указатель литературы ...
_tИзвесткование сельскохозяйственных земель
_v... за 1965-1969 гг. ...
702 1 _4220
_7ca
_8rus
_aЧернова
_bЛ. В.
_cбиблиограф
_f1935-
_gЛилия Васильевна
_9226471
_3RU\NLR\AUTH\770226527
702 1 _4340
_7ca
_8rus
_aПалилова
_bИ. Г.
_cбиблиограф
_f1928-2010
_gИрина Геннадиевна
_9225367
_3RU\NLR\AUTH\770225423
712 0 2 _4570
_aЦентральная научная сельскохозяйственная библиотека
_bСправочно-библиографический отдел
_cМосква
_92708408
_3RU\NLR\AUTH\880642432
852 _aNLR
_jс365-410/И-33
942 _cBOOK
980 _aNB